| 000 | 00748cam4a220022900 4500 | ||
|---|---|---|---|
| 001 | qcf00504353 | ||
| 005 | 20190816084556.0 | ||
| 008 | 800916c19601957gw a 000 0 ger d | ||
| 035 | _a(Sirsi) r47214 | ||
| 035 | _a(QCAT)lss02866278 | ||
| 035 | _a(UPRA)qcf00504353 | ||
| 040 | _dUPRA | ||
| 245 | 0 | 0 |
_aEmil Nolde : Aquarelle / _cNachwort von Gunter Busch. |
| 260 |
_aMunchen : _bR. Piper, _c1960, c1957. |
||
| 490 | 0 |
_aPiper-Bucherei _6S2208.1 |
|
| 500 | _a"Herausgegeben von der Stiftung Seebull Ada und Emil Nolde." | ||
| 600 | 1 | 0 |
_aNolde, Emil, 1867-1956. _dNolde, Emil, 1867-1956. _6S3774.1 |
| 710 | 2 |
_aStiftung Seebull Ada und Emil Nolde. _6A5246.1 |
|
| 949 |
_aND588 _wlcc _mMAIN _tBOOK _lON-SHELF |
||
| 004 | 47214 | ||
| 987 | _aWITHDRAWN. | ||
| 999 |
_c79546 _d79546 |
||